书目信息 |
| 题名: |
二十世纪中国女性文学专题研究十六讲
|
|
| 作者: | 李掖平 著 | |
| 分册: | ||
| 出版信息: | 济南 山东文艺出版社 2009.04 |
|
| 页数: | 287页 | |
| 开本: | 26cm | |
| 丛书名: | 中国现当代文学专业研究生课程教学丛书 | |
| 单 册: | ||
| 中图分类: | I206.6 | |
| 科图分类: | ||
| 主题词: | 妇女文学--fu nu wen xue--文学研究--研究生--中国--20世纪--教材 | |
| 电子资源: | ||
| ISBN: | 978-7-5329-2947-4 | |
| 000 | 01069nam 2200265 450 | |
| 001 | 012010315961 | |
| 005 | 20100524143324.37 | |
| 010 | @a978-7-5329-2947-4@dCNY30.00 | |
| 100 | @a20100524d2009 em y0chiy0120 ea | |
| 101 | 0 | @achi |
| 102 | @aCN@b370000 | |
| 105 | @ay a 000yy | |
| 106 | @ar | |
| 200 | 1 | @a二十世纪中国女性文学专题研究十六讲@Aer shi shi ji zhong guo nu xing wen xue zhuan ti yan jiu shi liu jiang@f李掖平著@Fli ye ping zhu |
| 210 | @a济南@c山东文艺出版社@d2009.04 | |
| 215 | @a287页@d26cm | |
| 225 | 2 | @a中国现当代文学专业研究生课程教学丛书@Azhong guo xian dang dai wen xue zhuan ye yan jiu sheng ke cheng jiao xue cong shu |
| 320 | @a有书目 (第283-285页) | |
| 330 | @a本书内容包括五四新文化语境与女性文学创作的缘起、30年代红色女性文学文本阐释、新时期女性文学研究专题等。 | |
| 410 | 0 | @12001 @a中国现当代文学专业研究生课程教学丛书 |
| 606 | 0 | @a妇女文学@Afu nu wen xue@x文学研究@x研究生@y中国@z20世纪@j教材 |
| 690 | @aI206.6@v4 | |
| 701 | 0 | @a李掖平@Ali ye ping@4著 |
| 801 | 0 | @aCN@bQSSK@c20100524 |
| 905 | @b779516-18@dI206.6@eL314@f3 | |
| 二十世纪中国女性文学专题研究十六讲/李掖平著.-济南:山东文艺出版社,2009.04 |
| 287页;26cm.-(中国现当代文学专业研究生课程教学丛书) |
| ISBN 978-7-5329-2947-4:CNY30.00 |
| 本书内容包括五四新文化语境与女性文学创作的缘起、30年代红色女性文学文本阐释、新时期女性文学研究专题等。 |
| ● |
| 相关链接 |
|
|
|
正题名:二十世纪中国女性文学专题研究十六讲
索取号:I206.6/L314
 
预约/预借
| 序号 | 登录号 | 条形码 | 馆藏地/架位号 | 状态 | 备注 |
| 1 | 779516 | 207795162 | 社科二线422/422社科库 23排2列2层/ [索取号:I206.6/L314] | 在馆 | |
| 2 | 779517 | 207795171 | 社科二线422/422社科库 23排2列2层/ [索取号:I206.6/L314] | 在馆 | |
| 3 | 779518 | 207795180 | 社科二线422/422社科库 23排2列2层/ [索取号:I206.6/L314] | 在馆 |